<?xml version="1.0" encoding="UTF-8"?>
<marc:record xmlns:marc="http://www.loc.gov/MARC21/slim">
   <marc:leader>00000nam a2200000 a 4500</marc:leader>
   <marc:datafield ind1="1" ind2=" " tag="100">
      <marc:subfield code="a">Lorentz, Iny</marc:subfield>
      <marc:subfield code="4">aut</marc:subfield>
      <marc:subfield code="e">Verfasser/-in</marc:subfield>
   </marc:datafield>
   <marc:datafield ind1="0" ind2="0" tag="245">
      <marc:subfield code="a">Das Mädchen aus Apulien</marc:subfield>
   </marc:datafield>
   <marc:datafield ind1="0" ind2="0" tag="245">
      <marc:subfield code="b">Roman</marc:subfield>
   </marc:datafield>
   <marc:datafield ind1="0" ind2="0" tag="245">
      <marc:subfield code="c">Iny Lorentz</marc:subfield>
   </marc:datafield>
   <marc:datafield ind1=" " ind2="1" tag="264">
      <marc:subfield code="a">München</marc:subfield>
      <marc:subfield code="b">Knaur</marc:subfield>
      <marc:subfield code="c">2016</marc:subfield>
   </marc:datafield>
   <marc:datafield ind1="1" ind2=" " tag="520">
      <marc:subfield code="a">Die junge Pandolfina, Tochter einer Sarazenen-Prinzessin und eines apulischen Grafen, sucht Zuflucht am Hof des Staufer-Kaisers Friedrich II.. Sie steht nach dem Tod ihres Vaters allein auf der Welt da und muss sich ihres Nachbarn erwehren, der die väterliche Burg gewaltsam in seinen Besitz gebracht hat und das Mädchen zur Heirat zwingen will. Der Staufer Friedrich, der zu jener Zeit vom Papst gebannt war, zögert zunächst aus politischen Gründen, nimmt sie aber dann doch in seinen Haushalt auf: Nachdem sie ihm im Heiligen Land das Leben gerettet hat, ermöglicht er es ihr, als eine der ersten Frauen in Salerno Medizin zu studieren.</marc:subfield>
   </marc:datafield>
   <marc:datafield ind1=" " ind2=" " tag="020">
      <marc:subfield code="a">9783426663820</marc:subfield>
      <marc:subfield code="9">9783426663820</marc:subfield>
   </marc:datafield>
   <marc:datafield ind1=" " ind2=" " tag="020">
      <marc:subfield code="a">3426663821</marc:subfield>
      <marc:subfield code="9">3426663821</marc:subfield>
   </marc:datafield>
   <marc:datafield ind1=" " ind2=" " tag="300">
      <marc:subfield code="a">617 S.</marc:subfield>
   </marc:datafield>
</marc:record>
